Get the Picture: Which Tarantino Film? Quiz Stats

 Plays Quiz Updated Jul 29, 2019

Score 0/16 Timer 03:00
1 Play Today
Question Answer Wrong Answers
Which one involves the screening of a German film?
Inglourious Basterds
93.2%
Django Unchained
0.9%
Kill Bill
0.7%
Pulp Fiction
0.9%
Which one stars Uma Thurman, David Carradine, and Daryl Hannah? Kill Bill
92.8%
Django Unchained
0.5%
Inglourious Basterds
0.8%
Pulp Fiction
1.7%
Which one has the tagline 'Here comes the bride'?
Kill Bill
92.6%
Django Unchained
1.1%
Inglourious Basterds
1.3%
Pulp Fiction
1.1%
Which one stars John Travolta, Uma Thurman, and Samuel L. Jackson?
Pulp Fiction
92.1%
Django Unchained
0.5%
Inglourious Basterds
0.4%
Kill Bill
2.9%
Which one stars Brad Pitt, Diane Kruger, and Eli Roth?
Inglourious Basterds
91.4%
Django Unchained
2.9%
Kill Bill
0.8%
Pulp Fiction
0.9%
Which one involves a woman in a four-year coma?
Kill Bill
90.8%
Django Unchained
1.5%
Inglourious Basterds
1.6%
Pulp Fiction
1.9%
Which one stars Jamie Foxx, Christoph Waltz, and Leonardo DiCaprio? Django Unchained
89.5%
Inglourious Basterds
5.3%
Kill Bill
0.5%
Pulp Fiction
0.4%
Which one involves wrestling matches on a plantation?
Django Unchained
89.2%
Inglourious Basterds
3.4%
Kill Bill
1.9%
Pulp Fiction
1.3%
Which one has the tagline 'You haven't seen war until you've seen it through the eyes of Quentin Tarantino.'? Inglourious Basterds
88.1%
Django Unchained
3.3%
Kill Bill
1.9%
Pulp Fiction
2.4%
Which one has the tagline 'The 'D' is Silent. Payback Won't Be.'?
Django Unchained
87.4%
Inglourious Basterds
2.7%
Kill Bill
3.1%
Pulp Fiction
2.9%
Which one involves someone retrieving a watch from an apartment?
Pulp Fiction
86.3%
Django Unchained
0.9%
Inglourious Basterds
4%
Kill Bill
4.5%
Which one was released most recently?
Django Unchained (2012)
85.6%
Inglourious Basterds (2009)
9.5%
Kill Bill (2003)
0.6%
Pulp Fiction (1994)
0.3%
Which one has the best rating by review site Rotten Tomatoes?
Pulp Fiction (94%)
67.7%
Django Unchained (86%)
10.6%
Inglourious Basterds (88%)
12.3%
Kill Bill (84%)
5.3%
Which one has the tagline 'I don't smile for pictures.'?
Pulp Fiction
44.1%
Django Unchained
15%
Inglourious Basterds
16.2%
Kill Bill
20.4%
Which one is the shortest of these four movies?
Kill Bill (1:51)
41.4%
Django Unchained (2:45)
10.9%
Inglourious Basterds (2:33)
14.8%
Pulp Fiction (2:34)
28.7%
Which one received the most nominations at the Academy Awards?
Inglourious Basterds (8)
28.3%
Django Unchained (5)
25.7%
Kill Bill (0)
3%
Pulp Fiction (7)
38.9%

Today's Daily Dose

Missing Word
1940s A-Z

Quick Pick
'S' Athletes

Get the Picture
Depp or Bonham Carter

You're not logged in!

Compare scores with friends on all Sporcle quizzes.
OR
Log In

Sporcle TV

Today on Sporcle TV


Watch our educational content, quiz creation guides, and fun videos on Sporcle TV.

Show Comments

Extras

Top Quizzes Today


Score Distribution

Your Account Isn't Verified!

In order to create a playlist on Sporcle, you need to verify the email address you used during registration. Go to your Sporcle Settings to finish the process.

Report this User

Report this user for behavior that violates our Community Guidelines.

Details: